Corporate Logos VII Quiz Stats

 Plays Quiz Updated Oct 15, 2019

Score 0/30 Timer 06:00
151 Plays Today
Answer % Correct
Disney
92.9%
Subway
92.5%
Ferrari
88.6%
Harley Davidson
87.4%
Fila
86.9%
New York Yankees
84.1%
Pinterest
81.5%
Safari
79.3%
Spotify
77.9%
Dove
77.4%
UPS
73.3%
Rolling Stones
73.2%
Hewlett-Packard
71.5%
Paramount
70.3%
Omega SA
68.7%
Answer % Correct
Android
66.4%
Baltimore Ravens
66%
Manchester United
61.2%
TripAdvisor
60.5%
Applebee's
55.9%
Shazam
54.2%
Uber
46.4%
Planters
45.1%
Duolingo
40.7%
Premier League
37.9%
J├Ągermeister
37.1%
Blogger
30.1%
KLM
26.7%
Buzzfeed
23.4%
Versace
21.7%

You're not logged in!

Compare scores with friends on all Sporcle quizzes.
OR
Log In

Sporcle TV

Today on Sporcle TV


Watch our educational content, quiz creation guides, and fun videos on Sporcle TV.

Show Comments

Extras

Top Quizzes Today


Score Distribution

Your Account Isn't Verified!

In order to create a playlist on Sporcle, you need to verify the email address you used during registration. Go to your Sporcle Settings to finish the process.

Report this User

Report this user for behavior that violates our Community Guidelines.

Details: